00709cam a22002172i 4500001000700000003000700007005001700014008004100031020003800072040002100110042000900131082001300140100001900153245016500172250001400337260004000351300003400391650001800425650002400443650002400467950786YEEZEN20250903151433.0241016s2024 ch e 000 0 chi d a9786267468456q(平裝) :cNT$460 aCIPdYMGbchic. anbic a416.23521 a連珮如e著10a乳癌,不怕! /b資深乳醫個管師的全照護筆記,從用藥、手術到調心,解答你聽不懂、記不得、想不到的關鍵80問c連珮如著 a第一版 a臺北市 :b天下雜誌,c2024.09 a277面 ;b圖,表 ;c21公分 72lcstta乳癌 72lcstta健康照護 72lcstta保健常識